<?xml version="1.0" encoding="UTF-8"?>
<record
    xmlns:xsi="http://www.w3.org/2001/XMLSchema-instance"
    xsi:schemaLocation="http://www.loc.gov/MARC21/slim http://www.loc.gov/standards/marcxml/schema/MARC21slim.xsd"
    xmlns="http://www.loc.gov/MARC21/slim">

  <leader>01018nam a2200241Ia 4500</leader>
  <controlfield tag="003">IN-BaIIA</controlfield>
  <controlfield tag="008">211028s9999    xx            000 0 eng d</controlfield>
  <datafield tag="020" ind1=" " ind2=" ">
    <subfield code="a">981-02-1792-7</subfield>
  </datafield>
  <datafield tag="040" ind1=" " ind2=" ">
    <subfield code="c">IIA Library</subfield>
  </datafield>
  <datafield tag="080" ind1=" " ind2=" ">
    <subfield code="a">530.145(082.1)</subfield>
    <subfield code="b">COH</subfield>
  </datafield>
  <datafield tag="111" ind1=" " ind2=" ">
    <subfield code="a">International Symposium on Coherent States, Past, Present and Future</subfield>
    <subfield code="c">Oak Ridge National Laboratory, Tennessee</subfield>
    <subfield code="d">1993 June 14-17</subfield>
    <subfield code="9">19399</subfield>
  </datafield>
  <datafield tag="245" ind1=" " ind2="0">
    <subfield code="a">Coherent states</subfield>
    <subfield code="b">proceedings of the international Symposium on coherent states, past, present and future, held in Oak Ridge National Laboratory, Tennessee, USA, 14-17 June1993</subfield>
    <subfield code="c">edited by D H Feng,&#xA0;J R Klauder and&#xA0;M R Strayer</subfield>
  </datafield>
  <datafield tag="260" ind1=" " ind2=" ">
    <subfield code="a">Singapore</subfield>
    <subfield code="b">World Scientific</subfield>
    <subfield code="c">1994</subfield>
  </datafield>
  <datafield tag="300" ind1=" " ind2=" ">
    <subfield code="a">[various pagings.]</subfield>
  </datafield>
  <datafield tag="650" ind1=" " ind2=" ">
    <subfield code="a">Astronomy and Astrophysics thesaurus</subfield>
  </datafield>
  <datafield tag="650" ind1=" " ind2=" ">
    <subfield code="a">Coherent states</subfield>
    <subfield code="9">19400</subfield>
  </datafield>
  <datafield tag="650" ind1=" " ind2=" ">
    <subfield code="a">Quantum field theory</subfield>
    <subfield code="9">6197</subfield>
  </datafield>
  <datafield tag="650" ind1=" " ind2=" ">
    <subfield code="a">Wave Mechanics</subfield>
    <subfield code="9">1560</subfield>
  </datafield>
  <datafield tag="700" ind1=" " ind2=" ">
    <subfield code="a">Feng, D. H., ed.</subfield>
    <subfield code="9">19401</subfield>
  </datafield>
  <datafield tag="700" ind1=" " ind2=" ">
    <subfield code="a">Klauder, J. R.,ed.</subfield>
    <subfield code="9">19402</subfield>
  </datafield>
  <datafield tag="700" ind1=" " ind2=" ">
    <subfield code="a">Strayer, M. R., ed.</subfield>
    <subfield code="9">19403</subfield>
  </datafield>
  <datafield tag="942" ind1=" " ind2=" ">
    <subfield code="c">BK</subfield>
  </datafield>
  <datafield tag="999" ind1=" " ind2=" ">
    <subfield code="c">11308</subfield>
    <subfield code="d">11308</subfield>
  </datafield>
  <datafield tag="952" ind1=" " ind2=" ">
    <subfield code="0">0</subfield>
    <subfield code="1">0</subfield>
    <subfield code="4">0</subfield>
    <subfield code="7">0</subfield>
    <subfield code="a">BAN</subfield>
    <subfield code="b">BAN</subfield>
    <subfield code="c">GEN</subfield>
    <subfield code="d">1995-03-20</subfield>
    <subfield code="l">2</subfield>
    <subfield code="o">530.145(082.1)/ COH</subfield>
    <subfield code="p">12223</subfield>
    <subfield code="r">2022-03-30</subfield>
    <subfield code="s">2021-12-30</subfield>
    <subfield code="w">1995-03-20</subfield>
    <subfield code="y">BK</subfield>
  </datafield>
</record>
